000 00631nam a22001697a 4500
020 _qHard Cover.
100 _aMohammad Hassam Afgun
245 _aShould Microfinance Institutions Diversify or Focus? Evidence from Pakistan /
_cMohammad Hassam Afgun, Ammar Bin Zafar and Arish Batool.
260 _aIslamabad:
_bS3H - NUST,
_c2019.
300 _a50 p. :
_bill. ;
_c30cm.
563 _aHB
650 _aEconomics BS-Project Report.
_927430
700 _aDr. Ashfaque Hasan Khan
_918166
856 _uhttp://10.250.8.41:8080/xmlui/handle/123456789/3234
942 _2ddc
_cPR
999 _c533535
_d533535